Principles of Macroeconomics / N. Mankiw, Gregory, (Record no. 22083)

000 -LEADER
fixed length control field 00515nam a22001577a 4500
020 ## - INTERNATIONAL STANDARD BOOK NUMBER
ISBN 9781305971509
082 ## - DEWEY DECIMAL CLASSIFICATION NUMBER
Classification number 339
Item number M27 2018
100 ## - MAIN ENTRY--AUTHOR NAME
Personal name Mankiw, N. Gregory,author.
245 ## - TITLE STATEMENT
Title Principles of Macroeconomics / N. Mankiw, Gregory,
250 ## - EDITION STATEMENT
Edition statement Eighth Edition.
260 ## - PUBLICATION, DISTRIBUTION, ETC. (IMPRINT)
Place of publication Australia ; Boston, MA : Cengage Learning :
Name of publisher Cangage learning,
Year of publication ©2018.
300 ## - PHYSICAL DESCRIPTION
Number of Pages 1 online resoure, xxix, 544 pages :
Other physical details Illustrations (some color).
500 ## - GENERAL NOTE
General note Includes index
650 ## - SUBJECT ADDED ENTRY--TOPICAL TERM
Topical Term Microeconomics.
942 ## - ADDED ENTRY ELEMENTS (KOHA)
Koha item type Electronic Books
Holdings
Source of acquisition Permanent Location Date acquired Collection code Koha item type Lost status Shelving location Withdrawn status Current Location Full call number
DonationCagayan State University - Carig Library2026-04-14E-BooksElectronic Books E-Resource Section Cagayan State University - Carig Library339 M27 2018

Cagayan State University University Library, Carig Campus
Tuguegarao City, Cagayan 3500 | www.csucarig.edu.ph

Powered by Koha